000 00314nam a22001337a 4500
008 181031b xxu||||| |||| 00| 0 eng d
020 _a0792318595
041 _aeng
080 _23rd
_a616.12
100 _a6
101 _aKAR
245 _aCardiovascular Disease in the Elderly
_cEsserli, F. H
942 _2udc
_cBK
999 _c51375
_d51375